000 00529nam a2200193Ia 4500
008 151121s9999||||xx |||||||||||||| ||und||
082 _a817/बंड
082 _bHNW-41796
100 _aबंड श्याम
245 _aहंसणावळ
260 _bनेत्रा प्रकाशन
260 _c--
300 _a116
600 _aबंड श्याम
630 _aहंसणावळ
700 _aबंड श्याम
730 _aहंसणावळ
942 _cBOOK
999 _c1230639
_d1230636